| 000 | 00429nam a22001577a 4500 | ||
|---|---|---|---|
| 003 | OSt | ||
| 005 | 20140310182203.0 | ||
| 008 | 130903t xxu||||| |||| 00| 0 eng d | ||
| 050 |
_aTX 950.5 _b.M478 1994 |
||
| 082 |
_aHS 362.74 _bM17 1994 |
||
| 245 |
_a"Am I going to heaven" _cSr. Mary Rose McGeady. |
||
| 260 |
_aN.Y : _bCovenant House, _cc1994. |
||
| 300 |
_a94 cm. _bill. ; _c15 cm. |
||
| 942 |
_2lcc _cHS |
||
| 999 |
_c10274 _d10274 |
||